| 000 | 00656nam a2200205Ia 4500 | ||
|---|---|---|---|
| 001 | 49277 | ||
| 003 | OSt | ||
| 005 | 20160315113306.0 | ||
| 008 | 140430s9999 xx 000 0 und d | ||
| 020 | _aNA | ||
| 040 | _cPK-LaUMT | ||
| 082 |
_a 613.9P _bREH-T |
||
| 100 | _aRehana Kariyapar | ||
| 245 |
_a(تولیدی صحت اور حقوق)Toleedi sehat aur haqooq (Urdu) _b(تلخ حقیقت بےنقاب)talakh haqaaiq baynaqaab _c(ریحانہ )Rehana Kariyapar |
||
| 260 |
_a(لاہور، پاکستان)Lahore,Pakistan: _b(شرکت گاہ)Shirkat Gah, _c2007 |
||
| 300 | _a87 p. | ||
| 546 | _aUR | ||
| 650 | _aBirth control-Health | ||
| 942 |
_cBK _2ddc |
||
| 999 |
_c47036 _d47036 |
||